<?xml version="1.0" encoding="UTF-8"?>
<record
    xmlns:xsi="http://www.w3.org/2001/XMLSchema-instance"
    xsi:schemaLocation="http://www.loc.gov/MARC21/slim http://www.loc.gov/standards/marcxml/schema/MARC21slim.xsd"
    xmlns="http://www.loc.gov/MARC21/slim">

  <leader>01746    a2200217   4500</leader>
  <controlfield tag="001">54920</controlfield>
  <controlfield tag="005">20260407155824.0</controlfield>
  <controlfield tag="008">260407a1971    arg                 spa d</controlfield>
  <controlfield tag="003">AR-UNSa-BCEJYS</controlfield>
  <datafield tag="040" ind1=" " ind2=" ">
    <subfield code="a">AR-UNSa-BCEJYS</subfield>
    <subfield code="b">spa</subfield>
    <subfield code="c">AR-UNSa-BCEJYS</subfield>
  </datafield>
  <datafield tag="080" ind1=" " ind2=" ">
    <subfield code="a">316.77:32</subfield>
    <subfield code="x">Comunicaci&#xF3;n pol&#xED;tica</subfield>
  </datafield>
  <datafield tag="245" ind1="1" ind2="0">
    <subfield code="a">Los nervios del gobierno</subfield>
    <subfield code="p">modelos de comunicaci&#xF3;n y control pol&#xED;ticos</subfield>
  </datafield>
  <datafield tag="250" ind1=" " ind2=" ">
    <subfield code="a">2a. ed.</subfield>
  </datafield>
  <datafield tag="264" ind1=" " ind2="1">
    <subfield code="a">Buenos Aires :</subfield>
    <subfield code="b">Paid&#xF3;s</subfield>
    <subfield code="c">1971</subfield>
  </datafield>
  <datafield tag="300" ind1=" " ind2=" ">
    <subfield code="a">274 p.</subfield>
    <subfield code="c">23 cm.</subfield>
  </datafield>
  <datafield tag="505" ind1=" " ind2=" ">
    <subfield code="a">Parte I: La b&#xFA;squeda de modelos de la sociedad y la pol&#xED;tica - 1. Instrumentos del pensamiento: el car&#xE1;cter general de la teor&#xED;a y los modelos - 2. Algunos modelos cl&#xE1;sicos en la historia del pensamiento - 3. Algunos modelos recientes en las ciencias sociales - 4. La teor&#xED;a de los juegos de von Neumann y Morgenstern - Parte II: Cibern&#xE9;tica: Nuevos modelos para la comunicaci&#xF3;n y el control - 5. Un modelo cibern&#xE9;tico simple - 6. La conciencia y la voluntad como pautas del flujo de comunicaci&#xF3;n - 7. Poder pol&#xED;tico y transacciones sociales - 8. Autonom&#xED;a,integridad y significado - Parte III: Modelos de comunicaci&#xF3;n y sistemas de decisi&#xF3;n pol&#xED;tica - 9. Modelos de comunicaci&#xF3;n y sistemas de decisi&#xF3;n: algunas consecuencias para la investigaci&#xF3;n - 10. Capacidad de aprendizaje y creatividad en pol&#xED;tica: la b&#xFA;squeda de cohesi&#xF3;n y de valores - 11. El gobierno como proceso de conducci&#xF3;n: los conceptos de realimentaci&#xF3;n,objetivo y prop&#xF3;sito - 12. Autoconciencia pol&#xED;tica,autonom&#xED;a y soberan&#xED;a - 13. La autoclausura de los sistemas pol&#xED;ticos - 14. La pol&#xED;tica de poder y la pol&#xED;tica de desarrollo</subfield>
  </datafield>
  <datafield tag="942" ind1=" " ind2=" ">
    <subfield code="c">BK</subfield>
  </datafield>
  <datafield tag="590" ind1=" " ind2=" ">
    <subfield code="a">niveau_biblio:m niveau_hierar:0</subfield>
  </datafield>
  <datafield tag="100" ind1="1" ind2=" ">
    <subfield code="a">Deutsch, Karl W.</subfield>
  </datafield>
  <datafield tag="700" ind1="1" ind2=" ">
    <subfield code="a">Ciria, Alberto</subfield>
  </datafield>
  <datafield tag="999" ind1=" " ind2=" ">
    <subfield code="c">5827</subfield>
    <subfield code="d">5827</subfield>
  </datafield>
  <datafield tag="952" ind1=" " ind2=" ">
    <subfield code="0">0</subfield>
    <subfield code="1">0</subfield>
    <subfield code="4">0</subfield>
    <subfield code="7">0</subfield>
    <subfield code="a">BCEJYS</subfield>
    <subfield code="b">BCEJYS</subfield>
    <subfield code="c">16</subfield>
    <subfield code="d">2026-04-07</subfield>
    <subfield code="l">0</subfield>
    <subfield code="o">316.77:32 D485</subfield>
    <subfield code="p">L24538</subfield>
    <subfield code="r">2026-04-07 15:58:24</subfield>
    <subfield code="w">2026-04-07</subfield>
    <subfield code="y">L</subfield>
  </datafield>
  <datafield tag="952" ind1=" " ind2=" ">
    <subfield code="0">0</subfield>
    <subfield code="1">0</subfield>
    <subfield code="4">0</subfield>
    <subfield code="7">0</subfield>
    <subfield code="a">BCEJYS</subfield>
    <subfield code="b">BCEJYS</subfield>
    <subfield code="c">16</subfield>
    <subfield code="d">2026-04-07</subfield>
    <subfield code="l">0</subfield>
    <subfield code="o">316.77:32 D485</subfield>
    <subfield code="p">L24539</subfield>
    <subfield code="r">2026-04-07 15:58:24</subfield>
    <subfield code="w">2026-04-07</subfield>
    <subfield code="y">L</subfield>
  </datafield>
</record>
